England : (Record no. 134782)

MARC details
000 -LEADER
fixed length control field 00591nam a22002057a 4500
005 - DATE AND TIME OF LATEST TRANSACTION
control field 20170124110233.0
010 ## - LIBRARY OF CONGRESS CONTROL NUMBER
LC control number A-248636
020 ## - INTERNATIONAL STANDARD BOOK NUMBER
Terms of availability 00.00
International Standard Book Number 0904681351
035 ## - SYSTEM CONTROL NUMBER
System control number A-248636
037 ## - SOURCE OF ACQUISITION
Source of stock number/acquisition Cen Lib/Ret
040 ## - CATALOGING SOURCE
Original cataloging agency DPL
Language of cataloging EN
082 ## - DEWEY DECIMAL CLASSIFICATION NUMBER
Classification number 910
Item number SMA
100 ## - MAIN ENTRY--PERSONAL NAME
Personal name Smart, Ted
9 (RLIN) 41839
245 ## - TITLE STATEMENT
Title England :
Statement of responsibility, etc by Ted Smart
Remainder of title a picture book to remember her by /
260 ## - PUBLICATION, DISTRIBUTION, ETC. (IMPRINT)
Place of publication, distribution, etc New York
Name of publisher, distributor, etc Crescent
Date of publication, distribution, etc 1978
300 ## - PHYSICAL DESCRIPTION
Extent Various pagings. :
Dimensions 26cm(Hb)
Other physical details col. ill.
650 ## - SUBJECT ADDED ENTRY--TOPICAL TERM
Topical term or geographic name as entry element England -- Pictorial works
9 (RLIN) 41840
650 ## - SUBJECT ADDED ENTRY--TOPICAL TERM
Topical term or geographic name as entry element England
9 (RLIN) 41841
942 ## - ADDED ENTRY ELEMENTS (KOHA)
Source of classification or shelving scheme Dewey Decimal Classification
Koha item type English Books
Classification part 910
Call number suffix SMA
Holdings
Withdrawn status Lost status Damaged status Not for loan Collection code Home library Current library Date acquired Source of acquisition Cost, normal purchase price Total Checkouts Full call number Barcode Date last seen Copy number Cost, replacement price Price effective from Koha item type
      Not For Loan Reference Central Library Central Library 31/07/2015 Cen Lib/Ret 0.00   910 SMA A-248636 31/07/2015 1 0.00 31/07/2015 English Books

© Delhi Public Library
Hit Counter
free hit counter